[Event "Linares"]
[Site "Linares MEX"]
[Date "1993.??.??"]
[Round "?"]
[White "Hergott, Deen"]
[Black "Nogueiras, Jesus"]
[Result "1/2-1/2"]
[WhiteElo "2430"]
[BlackElo "2580"]
[PlyCount "44"]
[EventDate "1993.??.??"]
[EventType "tourn"]
[EventRounds "11"]
[EventCountry "MEX"]

1. d4 d6 2. e4 g6 3. Nc3 Bg7 4. f4 e6 5. Nf3 Ne7 6. Be3 b6 7. Bb5+ Nd7 8. d5
exd5 9. Bd4 Bxd4 10. Qxd4 O-O 11. exd5 Nf5 12. Qd2 Nf6 13. O-O-O Bd7 14. Rhe1
Bxb5 15. Nxb5 Qd7 16. Qc3 Qxb5 17. Qxf6 Rae8 18. g4 Rxe1 19. Rxe1 Qxd5 20. gxf5
Qxf3 21. Qh4 Qc6 22. f6 d5 1/2-1/2

[Event "Thanksgiving op"]
[Site "Toronto CAN"]
[Date "1993.??.??"]
[Round "?"]
[White "Hergott, Deen"]
[Black "Bekefi, Laszlo"]
[Result "1-0"]
[WhiteElo "2450"]
[BlackElo "2300"]
[PlyCount "69"]
[EventDate "1993.??.??"]
[EventType "swiss"]
[EventRounds "6"]
[EventCountry "CAN"]
[Source "ChessBase"]
[SourceDate "2003.11.25"]

1. d4 Nf6 2. Nf3 c5 3. d5 d6 4. Nc3 g6 5. e4 Bg7 6. h3 O-O 7. a4 e6 8. Nd2 exd5
9. exd5 Na6 10. Nc4 Nb4 11. Ne3 b6 12. Be2 Bb7 13. O-O a6 14. Bf3 Ra7 15. Nc4
Ba8 16. Bf4 Rd7 17. Qd2 Qb8 18. Rfe1 Re8 19. Rxe8+ Nxe8 20. Re1 Nf6 21. g4 b5
22. axb5 axb5 23. Nxd6 Qd8 24. g5 Bf8 25. gxf6 Bxd6 26. Bxd6 Rxd6 27. Qe2 Rxf6
28. Qe8+ Qxe8 29. Rxe8+ Kg7 30. Rxa8 Rxf3 31. d6 Nc6 32. d7 b4 33. Nd5 b3 34.
c4 Rd3 35. Rc8 1-0

[Event "Thanksgiving op"]
[Site "Toronto CAN"]
[Date "1993.??.??"]
[Round "?"]
[White "Hergott, Deen"]
[Black "Nickoloff, Bryon"]
[Result "0-1"]
[WhiteElo "2450"]
[BlackElo "2390"]
[PlyCount "114"]
[EventDate "1993.??.??"]
[EventType "swiss"]
[EventRounds "6"]
[EventCountry "CAN"]
[Source "ChessBase"]
[SourceDate "2003.11.25"]

1. Nf3 d5 2. d4 Nf6 3. c4 e6 4. g3 dxc4 5. Bg2 a6 6. O-O b5 7. Ne5 Nd5 8. Nc3
Bb7 9. Nxd5 exd5 10. e4 dxe4 11. Qh5 g6 12. Nxg6 fxg6 13. Qe5+ Qe7 14. Qxh8 Nd7
15. h4 O-O-O 16. Bg5 Qf7 17. Bh3 Re8 18. Qf6 Qd5 19. Be3 Kb8 20. Qg5 Qf7 21.
Qg4 Nb6 22. Qe2 Bd6 23. Rfc1 Nd5 24. a4 Qf3 25. Qxf3 exf3 26. axb5 axb5 27. Bd2
Re2 28. Re1 Bb4 29. Rxe2 fxe2 30. Bxb4 Nxb4 31. Re1 Bf3 32. Bg2 Nd3 33. Bxf3
Nxe1 34. Bxe2 Nc2 35. d5 Kc8 36. h5 Nd4 37. Kf1 Kd7 38. hxg6 hxg6 39. Bd1 Kd6
40. Ke1 Kxd5 41. Kd2 b4 42. Bg4 Ke4 43. Bd1 Nf3+ 44. Kc1 g5 45. Be2 c3 46. bxc3
bxc3 47. Ba6 Nd4 48. Bb7+ c6 49. f4 g4 50. f5 Kxf5 51. Bc8+ Ke4 52. Bxg4 Kd3
53. Bd1 c2 54. Bxc2+ Nxc2 55. g4 Nd4 56. g5 Ne6 57. g6 c5 0-1

[Event "Thanksgiving op"]
[Site "Toronto CAN"]
[Date "1993.??.??"]
[Round "?"]
[White "Ochkoos, Jura"]
[Black "Hergott, Deen"]
[Result "1-0"]
[WhiteElo "2240"]
[BlackElo "2450"]
[PlyCount "53"]
[EventDate "1993.??.??"]
[EventType "swiss"]
[EventRounds "6"]
[EventCountry "CAN"]
[Source "ChessBase"]
[SourceDate "2003.11.25"]

1. d4 e6 2. c4 d5 3. Nc3 c5 4. cxd5 exd5 5. Nf3 Nc6 6. Bg5 Be7 7. Bxe7 Ngxe7 8.
g3 Qb6 9. dxc5 Qxb2 10. Rc1 Qb4 11. Qd2 O-O 12. Nd1 a5 13. Nb2 Bf5 14. Bg2 Be4
15. Nd3 Bxd3 16. exd3 Rfc8 17. Ke2 Re8 18. Rhd1 d4 19. Kf1 Nd5 20. Rc4 Qa3 21.
Nxd4 Nxd4 22. Bxd5 Nc6 23. Rb1 Ne5 24. Rc3 Qa4 25. d4 Nd7 26. Rc4 Qa3 27. Rb3
1-0

[Event "Aylmer op"]
[Site "Aylmer CAN"]
[Date "1992.11.??"]
[Round "?"]
[White "Kopec, Danny"]
[Black "Hergott, Deen"]
[Result "1/2-1/2"]
[WhiteElo "2459"]
[BlackElo "2508"]
[PlyCount "47"]
[EventDate "1992.11.28"]
[EventType "swiss"]
[EventRounds "5"]
[EventCountry "CAN"]

1. d4 d5 2. Nf3 c6 3. Bf4 Bf5 4. Nbd2 e6 5. e3 Nd7 6. h3 h6 7. Bd3 Bxd3 8. cxd3
Ne7 9. O-O Nf5 10. e4 Ne7 11. Re1 Ng6 12. Bg3 Be7 13. Qc2 O-O 14. Nb3 Rc8 15.
Rac1 b6 16. Qe2 Re8 17. Rc2 Bf8 18. Rec1 c5 19. h4 e5 20. dxe5 Ndxe5 21. Nbd2
Qd7 22. Nxe5 Nxe5 23. Bxe5 Rxe5 24. d4 1/2-1/2

[Event "Masson op"]
[Site "Masson CAN"]
[Date "1992.11.??"]
[Round "?"]
[White "Hergott, Deen"]
[Black "Cote, Jacques"]
[Result "1-0"]
[WhiteElo "2520"]
[BlackElo "2083"]
[PlyCount "77"]
[EventDate "1992.11.??"]
[EventType "swiss"]
[EventRounds "5"]
[EventCountry "CAN"]

1. e4 e5 2. Nf3 Nc6 3. d4 exd4 4. Nxd4 Bc5 5. Nb3 Bb6 6. Nc3 Qf6 7. Qe2 Nge7 8.
h4 O-O 9. Bg5 Qe6 10. O-O-O h6 11. Be3 d6 12. Kb1 Bxe3 13. Qxe3 a6 14. Be2 Ne5
15. Nd4 Qf6 16. Qg3 c5 17. Nf3 b5 18. Rd2 Bb7 19. Rhd1 Nc8 20. Nd5 Bxd5 21.
Rxd5 Nc4 22. Bxc4 bxc4 23. e5 dxe5 24. Qxe5 Qb6 25. Rxc5 Na7 26. Rxc4 Qxf2 27.
Rg4 f6 28. Qd5+ Kh8 29. Qb7 Rg8 30. Rxg7 Rxg7 31. Qxa8+ Rg8 32. Qe4 Qxg2 33.
Qe3 Qg7 34. Rg1 Qh7 35. Rxg8+ Kxg8 36. Qe8+ Kg7 37. Nd4 Qg8 38. Qe7+ Qf7 39.
Nf5+ 1-0

[Event "Masson op"]
[Site "Masson CAN"]
[Date "1992.11.??"]
[Round "?"]
[White "Hergott, Deen"]
[Black "Duppa, Miroslav"]
[Result "1-0"]
[WhiteElo "2520"]
[BlackElo "2184"]
[PlyCount "61"]
[EventDate "1992.11.??"]
[EventType "swiss"]
[EventRounds "5"]
[EventCountry "CAN"]

1. d4 Nf6 2. c4 g6 3. Nc3 d5 4. cxd5 Nxd5 5. e4 Nxc3 6. bxc3 Bg7 7. Be3 c5 8.
Qd2 cxd4 9. cxd4 O-O 10. Rc1 Nc6 11. d5 Na5 12. Nf3 Bg4 13. Nd4 Rc8 14. Rxc8
Qxc8 15. f3 Nc4 16. Bxc4 Qxc4 17. fxg4 e5 18. Nf3 Rc8 19. d6 Bf8 20. d7 Rd8 21.
Kf2 Qxe4 22. Rd1 Be7 23. h3 b6 24. Qd5 Qc2+ 25. Rd2 Qb1 26. Bg5 Bc5+ 27. Kg3 e4
28. Bxd8 exf3 29. Qe5 fxg2 30. Qh8+ Kxh8 31. Bf6+ 1-0

[Event "Masson op"]
[Site "Masson CAN"]
[Date "1992.11.??"]
[Round "?"]
[White "Hergott, Deen"]
[Black "Rodgers, Ron"]
[Result "1-0"]
[WhiteElo "2520"]
[BlackElo "2100"]
[PlyCount "63"]
[EventDate "1992.11.??"]
[EventType "swiss"]
[EventRounds "5"]
[EventCountry "CAN"]

1. d4 Nf6 2. Nf3 d5 3. c4 c6 4. Nc3 dxc4 5. a4 Bf5 6. Ne5 e6 7. f3 Bb4 8. e4
Bxe4 9. fxe4 Nxe4 10. Bd2 Qxd4 11. Nxe4 Qxe4+ 12. Qe2 Bxd2+ 13. Kxd2 Qf4+ 14.
Qe3 Qxe3+ 15. Kxe3 b5 16. g4 f6 17. Nf3 e5 18. g5 Nd7 19. gxf6 gxf6 20. Rg1 Kf7
21. Bh3 Nc5 22. Raf1 Rae8 23. Ng5+ Ke7 24. Ne4 Nxe4 25. Rg7+ Kf8 26. Rxa7 Nc5
27. Rxf6+ Kg8 28. Rxc6 Nxa4 29. Be6+ Kf8 30. Bd5 Rd8 31. Rf6+ Ke8 32. Bc6+ 1-0

[Event "Masson op"]
[Site "Masson CAN"]
[Date "1992.11.??"]
[Round "?"]
[White "Mirabeau, Olivier"]
[Black "Hergott, Deen"]
[Result "0-1"]
[WhiteElo "1902"]
[BlackElo "2520"]
[PlyCount "104"]
[EventDate "1992.11.??"]
[EventType "swiss"]
[EventRounds "5"]
[EventCountry "CAN"]

1. d4 g6 2. c4 Bg7 3. Nc3 c5 4. d5 Bxc3+ 5. bxc3 f5 6. f3 Qa5 7. Bd2 Nf6 8. Qc2
d6 9. e4 Kd8 10. Bd3 Nbd7 11. Qb3 Ne5 12. Bc2 Qa6 13. Qb5 Nxc4 14. Qxa6 bxa6
15. Bc1 Kc7 16. Rb1 fxe4 17. fxe4 e6 18. dxe6 Re8 19. Ne2 Bxe6 20. O-O Ng4 21.
Nf4 Bg8 22. Nd5+ Bxd5 23. exd5 Rf8 24. Bd3 Rxf1+ 25. Bxf1 Nge5 26. Bf4 a5 27.
Bxe5 Nxe5 28. Rb5 c4 29. Rxa5 Kb6 30. Ra4 Kb5 31. Rb4+ Kc5 32. g3 Rf8 33. Bg2
Nf3+ 34. Kf2 Nd4+ 35. Kg1 Ne2+ 36. Kh1 Nxc3 37. Rb7 Nxa2 38. Rxa7 Nb4 39. Rxh7
Nxd5 40. Be4 Rf1+ 41. Kg2 Ne3+ 42. Kh3 g5 43. Rh5 Kd4 44. Bg6 g4+ 45. Kh4 Rh1
46. Kg5 d5 47. Rh8 Kc3 48. Kf4 d4 49. Re8 Rxh2 50. Rxe3+ dxe3 51. Kxe3 Rh8 52.
Bf7 Rf8 0-1

[Event "Masson op"]
[Site "Masson CAN"]
[Date "1992.11.??"]
[Round "?"]
[White "Solunac, Sasha"]
[Black "Hergott, Deen"]
[Result "0-1"]
[WhiteElo "2141"]
[BlackElo "2520"]
[PlyCount "84"]
[EventDate "1992.11.??"]
[EventType "swiss"]
[EventRounds "5"]
[EventCountry "CAN"]

1. e4 e6 2. d4 d5 3. Nc3 Nf6 4. e5 Nfd7 5. Nce2 c5 6. c3 f6 7. f4 fxe5 8. fxe5
cxd4 9. cxd4 Qh4+ 10. Ng3 Bb4+ 11. Kf2 O-O+ 12. Nf3 Nc6 13. Kg1 Rxf3 14. gxf3
Qxd4+ 15. Qxd4 Nxd4 16. f4 g5 17. Ne2 Nc2 18. Rb1 Bc5+ 19. Kg2 b6 20. h4 Bb7
21. Kg3 gxf4+ 22. Bxf4 Kf7 23. Bh3 Rg8+ 24. Kh2 Ba6 25. Nc3 Nd4 26. Bg2 Rg4 27.
Bg3 Nf5 28. Bh3 Rxg3 29. Bxf5 Rg7 30. Nxd5 exf5 31. e6+ Kxe6 32. Nc7+ Kf7 33.
Nxa6 Bd6+ 34. Kh3 Rg3+ 35. Kh2 Ra3+ 36. Kg2 Rxa6 37. Rbd1 Ke6 38. Rhe1+ Ne5 39.
a3 Ra4 40. h5 Rh4 41. Rh1 Rg4+ 42. Kh3 Nf3 0-1

[Event "Linares NL"]
[Site "Linares ESP"]
[Date "1992.??.??"]
[Round "?"]
[White "Arencibia, Walter"]
[Black "Hergott, Deen"]
[Result "0-1"]
[WhiteElo "2535"]
[BlackElo "2410"]
[PlyCount "58"]
[EventDate "1992.09.??"]
[EventType "tourn"]
[EventRounds "15"]
[EventCountry "MEX"]
[EventCategory "8"]

1. d4 d5 2. Nf3 c6 3. e3 Bf5 4. Bd3 Bxd3 5. cxd3 e6 6. O-O Bd6 7. Nc3 Nd7 8. e4
Ne7 9. Re1 O-O 10. Ng5 h6 11. Nh3 dxe4 12. dxe4 e5 13. Be3 Ng6 14. dxe5 Ndxe5
15. Qe2 Qh4 16. Rad1 Bc7 17. f3 Rfd8 18. Rxd8+ Rxd8 19. Rd1 Rxd1+ 20. Qxd1
Nxf3+ 21. Kh1 Nxh2 22. Qd7 Ng4 23. Bg1 Bb6 24. Bxb6 axb6 25. Qe8+ Kh7 26. Qxf7
Qg3 27. Kg1 Nh4 28. Ng5+ hxg5 29. Qh5+ Nh6 0-1

[Event "Linares NL"]
[Site "Linares ESP"]
[Date "1992.??.??"]
[Round "?"]
[White "Espinosa Flores, Rafael"]
[Black "Hergott, Deen"]
[Result "1/2-1/2"]
[WhiteElo "2430"]
[BlackElo "2410"]
[PlyCount "121"]
[EventDate "1992.09.??"]
[EventType "tourn"]
[EventRounds "15"]
[EventCountry "MEX"]
[EventCategory "8"]

1. e4 e6 2. d4 d5 3. Nd2 Nf6 4. e5 Nfd7 5. f4 c5 6. c3 Nc6 7. Ndf3 Qa5 8. Be3
cxd4 9. Nxd4 Nxd4 10. Bxd4 Nb8 11. Nf3 Bd7 12. a4 Nc6 13. Be3 Be7 14. Bd3 f6
15. exf6 gxf6 16. Nd4 Nxd4 17. Qh5+ Kd8 18. Bxd4 Kc7 19. Qf7 Rae8 20. O-O Rhf8
21. Qxh7 Rh8 22. Qf7 Rhf8 23. Qh5 Bc5 24. Qe2 Bxd4+ 25. cxd4 Qb4 26. Qc2+ Kd6
27. Qc3 Qxc3 28. bxc3 Rc8 29. Rfc1 Rc7 30. Bb5 Rfc8 31. Bxd7 Kxd7 32. Ra3 Rc4
33. Rb1 b6 34. Rbb3 Kd6 35. Kf2 e5 36. fxe5+ fxe5 37. dxe5+ Kxe5 38. Ke3 Rg8
39. Ra2 Rh4 40. g3 Re4+ 41. Kd3 Rf8 42. Re2 Rf3+ 43. Kd2 Kf5 44. Rxe4 dxe4 45.
Ke2 Kg4 46. Rb4 Rxc3 47. Rxe4+ Kh3 48. Rh4+ Kg2 49. Kd2 Rc5 50. Rh7 Ra5 51. g4
Rxa4 52. g5 Rg4 53. h4 a5 54. Rh6 Kh3 55. g6 a4 56. h5 Kh4 57. Rh7 Rg2+ 58. Kc1
a3 59. Kb1 b5 60. Rb7 Kxh5 61. Rxb5+ 1/2-1/2

[Event "Linares NL"]
[Site "Linares ESP"]
[Date "1992.??.??"]
[Round "?"]
[White "Hergott, Deen"]
[Black "Alonso, Rene"]
[Result "1/2-1/2"]
[WhiteElo "2410"]
[BlackElo "2395"]
[PlyCount "100"]
[EventDate "1992.09.??"]
[EventType "tourn"]
[EventRounds "15"]
[EventCountry "MEX"]
[EventCategory "8"]

1. Nf3 Nf6 2. c4 e6 3. g3 d5 4. Bg2 c5 5. O-O Nc6 6. d4 cxd4 7. Nxd4 Be7 8.
cxd5 exd5 9. Nc3 O-O 10. Bg5 h6 11. Bf4 Bg4 12. h3 Be6 13. Nxe6 fxe6 14. e4 d4
15. e5 dxc3 16. exf6 Bxf6 17. bxc3 Bxc3 18. Rb1 Qxd1 19. Rfxd1 Rad8 20. Be3 Bd4
21. Bxd4 Nxd4 22. Bxb7 Ne2+ 23. Kg2 Nc3 24. Rxd8 Rxd8 25. Rb2 Rb8 26. a3 Ne4
27. Rb4 Nc5 28. Bc6 Rxb4 29. axb4 Nd3 30. b5 Kf7 31. f4 Ke7 32. Be4 Nb4 33. Kf3
Kd6 34. Bg6 Nd5 35. Kg4 Nc7 36. Bd3 Kc5 37. Kh5 Nxb5 38. Kg6 a5 39. Bc2 Nd4 40.
Bd1 Kb4 41. Kxg7 Nf5+ 42. Kh7 h5 43. g4 hxg4 44. hxg4 Ne3 45. g5 Nxd1 46. g6
Ne3 47. g7 Nd5 48. Kg6 Ne7+ 49. Kf6 Ng8+ 50. Kxe6 a4 1/2-1/2

[Event "Linares NL"]
[Site "Linares ESP"]
[Date "1992.??.??"]
[Round "?"]
[White "Hergott, Deen"]
[Black "Bradford, Joseph"]
[Result "1-0"]
[WhiteElo "2410"]
[BlackElo "2425"]
[PlyCount "139"]
[EventDate "1992.09.??"]
[EventType "tourn"]
[EventRounds "15"]
[EventCountry "MEX"]
[EventCategory "8"]

1. d4 Nf6 2. Nf3 e6 3. g3 c5 4. c4 cxd4 5. Nxd4 Bb4+ 6. Nc3 O-O 7. Bg2 d5 8.
Qb3 Na6 9. O-O dxc4 10. Qxc4 Qa5 11. Ndb5 Bd7 12. Bxb7 Rab8 13. Bxa6 Rb6 14.
Bg5 Rxa6 15. Bxf6 gxf6 16. Qg4+ Kh8 17. Qd4 Bxb5 18. Qxf6+ Kg8 19. Qg5+ Kh8 20.
Qf6+ Kg8 21. Qg5+ Kh8 22. Nxb5 f6 23. Qh5 Rb6 24. a4 a6 25. Rfd1 Bd2 26. Ra3
Rd6 27. b4 Qxb4 28. Nxd6 Qxa3 29. Rb1 Bb4 30. Nf7+ Kg7 31. Qg4+ Kxf7 32. Rxb4
Qc1+ 33. Kg2 Qc6+ 34. Qf3 Rc8 35. Rb7+ Kg6 36. Qxc6 Rxc6 37. Ra7 h5 38. Kf3 Kf5
39. Rh7 Kg6 40. Ra7 Kf5 41. h4 Rc3+ 42. e3 Rc6 43. Rh7 Kg6 44. Rd7 Kf5 45. e4+
Kg6 46. Ke3 Rc3+ 47. Rd3 Rc6 48. Rb3 e5 49. f4 exf4+ 50. gxf4 Kg7 51. Rb7+ Kg6
52. Ra7 Rd6 53. a5 Rc6 54. Rb7 Rc1 55. Rb6 Re1+ 56. Kd3 Rf1 57. f5+ Kg7 58.
Rxa6 Rh1 59. Ra7+ Kh6 60. Ra6 Kg7 61. Rc6 Rxh4 62. Rc1 Rh3+ 63. Kc4 Ra3 64. Kb4
Ra2 65. Rb1 Kf7 66. Rh1 Ke7 67. Rxh5 Kd6 68. Rh8 Rb2+ 69. Kc4 Ra2 70. Re8 1-0

[Event "Linares NL"]
[Site "Linares ESP"]
[Date "1992.??.??"]
[Round "?"]
[White "Hergott, Deen"]
[Black "Garmendez, Florentino"]
[Result "1-0"]
[WhiteElo "2410"]
[BlackElo "2325"]
[PlyCount "109"]
[EventDate "1992.09.??"]
[EventType "tourn"]
[EventRounds "15"]
[EventCountry "MEX"]
[EventCategory "8"]

1. d4 Nf6 2. Nf3 e6 3. c4 b6 4. g3 Ba6 5. Qa4 Be7 6. Nc3 O-O 7. Bg2 Bb7 8. O-O
Ne4 9. Nxe4 Bxe4 10. Rd1 d5 11. Bf4 g5 12. Bd2 c6 13. Rac1 a5 14. Ne5 Bxg2 15.
Kxg2 Qe8 16. Qb3 f6 17. Nd3 Bd8 18. Re1 Ra7 19. a3 Rd7 20. cxd5 Rxd5 21. Bc3 f5
22. e4 fxe4 23. Rxe4 Qf7 24. Qd1 Rf5 25. Qe2 Rf3 26. Be1 Bc7 27. Ne5 Bxe5 28.
Rxe5 Rf5 29. Rxe6 Qd7 30. Qe4 Qd5 31. Qxd5 Rxd5 32. Bc3 Kg7 33. Rce1 h5 34. h3
Rf6 35. Rxf6 Kxf6 36. Re8 Nd7 37. Rc8 Kf5 38. Rxc6 g4 39. hxg4+ hxg4 40. f3 b5
41. fxg4+ Kxg4 42. Rh6 a4 43. Rh4+ Kg5 44. Kf3 Rf5+ 45. Ke2 Nf6 46. Bd2+ Kg6
47. g4 Rd5 48. Kd3 Rd8 49. Rh6+ Kg7 50. g5 Nd5 51. Ke4 Rd7 52. Ke5 Nc7 53. Ba5
Rd5+ 54. Ke4 Rxg5 55. Bxc7 1-0

[Event "Linares NL"]
[Site "Linares ESP"]
[Date "1992.??.??"]
[Round "?"]
[White "Hergott, Deen"]
[Black "Martin del Campo, Roberto"]
[Result "1-0"]
[WhiteElo "2410"]
[BlackElo "2425"]
[PlyCount "61"]
[EventDate "1992.09.??"]
[EventType "tourn"]
[EventRounds "15"]
[EventCountry "MEX"]
[EventCategory "8"]

1. Nf3 Nf6 2. c4 g6 3. Nc3 Bg7 4. d4 O-O 5. e4 d6 6. Be2 Na6 7. O-O e5 8. Re1
c6 9. Rb1 Qe7 10. c5 dxc5 11. dxe5 Ng4 12. Bxa6 bxa6 13. Qd6 Re8 14. Bg5 Qe6
15. Qxc5 Nxe5 16. Nxe5 Bxe5 17. Rbd1 Rb8 18. b3 Qg4 19. Rd8 Bxh2+ 20. Kxh2 Qh5+
21. Kg1 Rxd8 22. Nd5 cxd5 23. Bxd8 dxe4 24. Qd6 Qb5 25. Bc7 Ra8 26. Qf6 Bb7 27.
Be5 Kf8 28. Rc1 Qd7 29. Rc7 Qd1+ 30. Kh2 Qh5+ 31. Kg3 1-0

[Event "Linares NL"]
[Site "Linares ESP"]
[Date "1992.??.??"]
[Round "?"]
[White "Hergott, Deen"]
[Black "Sariego, Wilfredo"]
[Result "1/2-1/2"]
[WhiteElo "2410"]
[BlackElo "2435"]
[PlyCount "87"]
[EventDate "1992.09.??"]
[EventType "tourn"]
[EventRounds "15"]
[EventCountry "MEX"]
[EventCategory "8"]

1. Nf3 Nc6 2. d4 d5 3. c4 Bg4 4. cxd5 Bxf3 5. gxf3 Qxd5 6. e3 e5 7. Nc3 Bb4 8.
Bd2 Bxc3 9. bxc3 Qd6 10. Rb1 b6 11. f4 exf4 12. e4 Nge7 13. Qg4 O-O 14. Rg1 Ng6
15. Rb5 Rfe8 16. f3 Rad8 17. Be2 Nxd4 18. cxd4 Qxd4 19. Bc1 c5 20. Kf1 Qa1 21.
Kf2 Qxa2 22. h4 Qe6 23. Qxe6 Rxe6 24. h5 Ne5 25. Bxf4 Nd3+ 26. Bxd3 Rxd3 27. h6
g6 28. Ra1 Rd7 29. Bb8 Ree7 30. Bxa7 Rxa7 31. Rxb6 f5 32. Rxa7 Rxa7 33. exf5
gxf5 34. Rc6 Kf7 35. Kg3 Ra4 36. Rxc5 Kg6 37. f4 Ra3+ 38. Kh4 Ra6 39. Rc2 Kxh6
40. Rc5 Kg6 41. Rb5 Rc6 42. Ra5 h6 43. Rb5 Ra6 44. Rc5 1/2-1/2

[Event "Linares NL"]
[Site "Linares ESP"]
[Date "1992.??.??"]
[Round "?"]
[White "Hergott, Deen"]
[Black "Sisniega, Marcel"]
[Result "1-0"]
[WhiteElo "2410"]
[BlackElo "2500"]
[PlyCount "77"]
[EventDate "1992.09.??"]
[EventType "tourn"]
[EventRounds "15"]
[EventCountry "MEX"]
[EventCategory "8"]

1. d4 Nf6 2. c4 e6 3. Nf3 c5 4. g3 cxd4 5. Nxd4 Qc7 6. Nc3 a6 7. Bg5 Qxc4 8.
Rc1 Nc6 9. Nb3 Qb4 10. Bg2 d5 11. O-O Bd7 12. Bxf6 gxf6 13. Bxd5 Bg7 14. Bg2 f5
15. e4 Rd8 16. exf5 O-O 17. Qh5 exf5 18. Rfd1 Be6 19. h3 Ne7 20. Qf3 b6 21. Qb7
a5 22. Qc7 Rxd1+ 23. Rxd1 a4 24. Nc1 Ng6 25. Nd3 Qa5 26. a3 Rc8 27. Qb7 Bxc3
28. bxc3 Qxc3 29. Rc1 Qxd3 30. Rxc8+ Bxc8 31. Qxc8+ Kg7 32. h4 h6 33. Qc1 Ne5
34. Qb2 f6 35. Qxb6 Qxa3 36. Qc7+ Kf8 37. Bd5 Qe7 38. Qb8+ Kg7 39. Qg8# 1-0

[Event "Linares NL"]
[Site "Linares ESP"]
[Date "1992.??.??"]
[Round "?"]
[White "Hergott, Deen"]
[Black "Zapata, Alonso"]
[Result "1/2-1/2"]
[WhiteElo "2410"]
[BlackElo "2530"]
[PlyCount "122"]
[EventDate "1992.09.??"]
[EventType "tourn"]
[EventRounds "15"]
[EventCountry "MEX"]
[EventCategory "8"]

1. d4 Nf6 2. Nf3 g6 3. g3 Bg7 4. Bg2 O-O 5. O-O d6 6. Re1 c5 7. dxc5 dxc5 8.
Nc3 Nc6 9. Be3 Qa5 10. Nd2 Ng4 11. Bf4 Bd4 12. Nce4 f5 13. c3 fxe4 14. cxd4
Nxf2 15. Qb3+ Rf7 16. Kxf2 g5 17. Bxe4 Nxd4 18. Qd5 gxf4 19. gxf4 Kf8 20. Qe5
Rf6 21. Nb3 Nxb3 22. axb3 Qd2 23. Rad1 Qxf4+ 24. Qxf4 Rxf4+ 25. Ke3 e5 26. Rd8+
Ke7 27. Rh8 Rxe4+ 28. Kxe4 Bf5+ 29. Kxf5 Rxh8 30. Kxe5 Rg8 31. Rc1 Rg2 32. e4
Rxh2 33. Kd5 b6 34. b4 Rxb2 35. bxc5 Rb5 36. Rg1 Rxc5+ 37. Kd4 Kf6 38. Ra1 Ra5
39. Rh1 h5 40. Rg1 Ra4+ 41. Ke3 Ra3+ 42. Kf4 h4 43. Rg8 Kf7 44. Rh8 h3 45. e5
Kg7 46. Rh4 Kg6 47. Rg4+ Kh6 48. Rg8 Kh7 49. Rg5 Ra2 50. Kf5 h2 51. Rh5+ Kg7
52. Rh3 b5 53. e6 b4 54. e7 Kf7 55. Rh7+ Ke8 56. Ke6 Re2+ 57. Kd6 b3 58. Rh8+
Kf7 59. Rh7+ Kf6 60. Rxh2 Re6+ 61. Kd5 Rxe7 1/2-1/2

[Event "Linares NL"]
[Site "Linares ESP"]
[Date "1992.??.??"]
[Round "?"]
[White "Hernandez Guerrero, Gilberto"]
[Black "Hergott, Deen"]
[Result "1/2-1/2"]
[WhiteElo "2480"]
[BlackElo "2410"]
[PlyCount "94"]
[EventDate "1992.09.??"]
[EventType "tourn"]
[EventRounds "15"]
[EventCountry "MEX"]
[EventCategory "8"]

1. e4 e6 2. d4 d5 3. Nc3 Nf6 4. Bg5 Bb4 5. e5 h6 6. Be3 Ne4 7. Qg4 Kf8 8. a3
Bxc3+ 9. bxc3 c5 10. Bd3 Qa5 11. Ne2 Nc6 12. Bxe4 cxd4 13. Bd2 dxe4 14. cxd4
Qd5 15. O-O b6 16. Rfd1 Kg8 17. c4 Qxc4 18. Rac1 Qb3 19. Ng3 Ne7 20. Nxe4 Nd5
21. Nf6+ Kf8 22. Nh5 g6 23. Nf6 Bb7 24. Qh4 Kg7 25. Nxd5 Qxd5 26. Qf6+ Kg8 27.
f3 Qxd4+ 28. Kh1 Qd8 29. Bg5 Qe8 30. Rc7 Bd5 31. Bh4 Rh7 32. Bf2 Rg7 33. Qh4
Qd8 34. Qxd8+ Rxd8 35. Rxa7 f5 36. Rxg7+ Kxg7 37. Bxb6 Ra8 38. Bc5 g5 39. Kg1
Rb8 40. Rd2 Rb1+ 41. Kf2 f4 42. h3 Kg6 43. Re2 Bc4 44. Re1 Rxe1 45. Kxe1 h5 46.
a4 Kf5 47. Bd4 h4 1/2-1/2

[Event "Linares NL"]
[Site "Linares ESP"]
[Date "1992.??.??"]
[Round "?"]
[White "Ivanov, Alexander"]
[Black "Hergott, Deen"]
[Result "0-1"]
[WhiteElo "2545"]
[BlackElo "2410"]
[PlyCount "53"]
[EventDate "1992.09.??"]
[EventType "tourn"]
[EventRounds "15"]
[EventCountry "MEX"]
[EventCategory "8"]

1. e4 e6 2. d4 d5 3. Nd2 c5 4. exd5 Qxd5 5. Ngf3 Nf6 6. Bc4 Qc6 7. a4 a6 8. O-O
Qc7 9. Qe2 cxd4 10. Nxd4 Bd6 11. N2f3 O-O 12. Bg5 Ng4 13. h3 Ne5 14. Bb3 Bd7
15. c3 Ng6 16. Rfd1 Nc6 17. Qd2 Bf4 18. Bxf4 Qxf4 19. Qxf4 Nxf4 20. Nf5 Rfd8
21. Nd6 Na5 22. Bc2 Bc6 23. Ng5 Bxg2 24. Bxh7+ Kf8 25. Ngxf7 Bd5 26. Bc2 Rd7
27. b4 0-1

[Event "Linares NL"]
[Site "Linares ESP"]
[Date "1992.??.??"]
[Round "?"]
[White "Vera, Reynaldo"]
[Black "Hergott, Deen"]
[Result "1-0"]
[WhiteElo "2495"]
[BlackElo "2410"]
[PlyCount "45"]
[EventDate "1992.09.??"]
[EventType "tourn"]
[EventRounds "15"]
[EventCountry "MEX"]
[EventCategory "8"]

1. d4 g6 2. e4 d6 3. Nc3 Bg7 4. f4 c6 5. Nf3 Qb6 6. Bc4 Nh6 7. Bb3 Bg4 8. Be3
Bxf3 9. gxf3 d5 10. f5 gxf5 11. Qd2 fxe4 12. Bxh6 Bxh6 13. Qxh6 Qxd4 14. fxe4
Nd7 15. Rd1 Qe5 16. O-O Rg8+ 17. Kh1 Nf6 18. exd5 O-O-O 19. Qf4 Qxf4 20. Rxf4
cxd5 21. Nxd5 Kb8 22. Rff1 Ne4 23. Rde1 1-0

[Event "Quebec-ch semi-rapide"]
[Site "Montreal CAN"]
[Date "1992.08.09"]
[Round "3"]
[White "Gulko, Boris"]
[Black "Hergott, Deen"]
[Result "1-0"]
[WhiteElo "2620"]
[BlackElo "2321"]
[PlyCount "69"]
[EventDate "1992.08.09"]
[EventType "swiss (rapid)"]
[EventRounds "6"]
[EventCountry "CAN"]

1. d4 g6 2. e4 Bg7 3. Nc3 c5 4. d5 d6 5. Nf3 Nf6 6. Be2 O-O 7. O-O Na6 8. Bf4
Rb8 9. a4 Bg4 10. Nd2 Bxe2 11. Qxe2 Nc7 12. Nc4 a6 13. a5 Nb5 14. Na4 Nd4 15.
Qd3 Nh5 16. Be3 f5 17. c3 fxe4 18. Qxe4 Nf6 19. Qd3 Nf5 20. Bg5 Qe8 21. Nab6 h6
22. Bxf6 Bxf6 23. Rae1 Rd8 24. f4 h5 25. Nd2 Qb5 26. Nbc4 e5 27. fxe5 Bxe5 28.
Nxe5 dxe5 29. Nc4 Kg7 30. Rxe5 Rde8 31. Qe4 Nd6 32. Re7+ Rxe7 33. Qxe7+ Rf7 34.
Rxf7+ Nxf7 35. Ne5 1-0

[Event "CAN-op"]
[Site "Scarborough CAN"]
[Date "1992.07.22"]
[Round "5"]
[White "Spraggett, Grant"]
[Black "Hergott, Deen"]
[Result "1-0"]
[WhiteElo "2412"]
[BlackElo "2510"]
[PlyCount "59"]
[EventDate "1992.07.18"]
[EventType "swiss"]
[EventRounds "10"]
[EventCountry "CAN"]

1. c4 b6 2. Nf3 Bb7 3. g3 Bxf3 4. exf3 c5 5. d4 Nc6 6. d5 Nd4 7. Be3 Nf5 8. Bd2
g6 9. Bc3 Bg7 10. Bxg7 Nxg7 11. Nc3 Nf6 12. Bh3 e6 13. Qd2 a6 14. O-O O-O 15.
f4 b5 16. dxe6 fxe6 17. cxb5 axb5 18. Nxb5 d5 19. Rfe1 Ne4 20. Qe3 g5 21. f3
gxf4 22. gxf4 Qb6 23. a4 Nf6 24. b4 Rxa4 25. Rxa4 Qxb5 26. Bxe6+ Nxe6 27. Qxe6+
Kh8 28. Ra8 Rxa8 29. Qxf6+ Kg8 30. Kh1 1-0

[Event "CAN-op"]
[Site "Scarborough CAN"]
[Date "1992.07.24"]
[Round "7"]
[White "Fiedler, Brian"]
[Black "Hergott, Deen"]
[Result "1/2-1/2"]
[WhiteElo "2167"]
[BlackElo "2510"]
[PlyCount "58"]
[EventDate "1992.07.18"]
[EventType "swiss"]
[EventRounds "10"]
[EventCountry "CAN"]

1. e4 e6 2. d4 d5 3. Nc3 Nf6 4. Bg5 Bb4 5. e5 h6 6. Bd2 Bxc3 7. bxc3 Ne4 8. Qg4
g6 9. Bd3 Nxd2 10. Kxd2 c5 11. Nf3 Nc6 12. h4 Qa5 13. Qf4 b6 14. h5 cxd4 15.
hxg6 Qxc3+ 16. Ke2 fxg6 17. Qf6 Rf8 18. Qxg6+ Kd8 19. Qxh6 Rf7 20. Qg6 Re7 21.
Qf6 a5 22. Rh8+ Kd7 23. Rah1 Ba6 24. Ne1 Bxd3+ 25. cxd3 Rxh8 26. Rxh8 Nb4 27.
Qf8 Nxd3 28. Nxd3 Qc2+ 29. Ke1 Qc3+ 1/2-1/2